Buteurs en finale de Coupe du Monde de football - Statistiques

Statistiques générales
  • Ce quiz a été pris 536 fois
  • Le résultat moyen est 28 sur 83
Statistiques - réponses
Année Equipe du buteur Score lorsque le but est marqué Buteur % Correct
France 4-1 Kylian Mbappé
99%
France 2-1 Kylian Mbappé
99%
France 2-2 Kylian Mbappé
99%
France 3-3 Kylian Mbappé
99%
2022 Argentine 1-0 Lionel Messi
99%
Argentine 3-2 Lionel Messi
99%
1998 France 0-1 Zinédine Zidane
96%
France 0-2 Zinédine Zidane
96%
2006 France 0-1 Zinédine Zidane
96%
France 2-1 Antoine Griezmann
95%
France 3-1 Paul Pogba
94%
2002 Brésil 0-1 Ronaldo
93%
Brésil 0-2 Ronaldo
93%
2010 Espagne 0-1 Andrés Iniesta
92%
Argentine 2-0 Ángel Di María
91%
France 0-3 Emmanuel Petit
88%
2014 Allemagne 1-0 Mario Götze
85%
2018 France 1-0 Mario Mandžukić
84%
Croatie 4-2 Mario Mandžukić
84%
Brésil 3-1 Pelé
84%
Brésil 5-2 Pelé
84%
1970 Brésil 1-0 Pelé
84%
Croatie 1-1 Ivan Perišić
80%
RFA 2-1 Gerd Müller
68%
Italie 1-1 Marco Materazzi
66%
Hongrie 0-1 Ferenc Puskás
40%
1982 Italie 1-0 Paolo Rossi
39%
1978 Argentine 1-0 Mario Kempes
30%
Argentine 2-1 Mario Kempes
30%
Brésil 3-1 Jairzinho
28%
RFA 2-1 Karl-Heinz Rummenigge
23%
RFA 2-2 Rudi Völler
23%
Brésil 4-1 Carlos Alberto
22%
Brésil 1-1 Vavá
20%
Brésil 2-1 Vavá
20%
Brésil 3-1 Vavá
20%
1990 RFA 1-0 Andreas Brehme
18%
Angleterre 1-1 Geoff Hurst
18%
Angleterre 3-2 Geoff Hurst
18%
Angleterre 4-2 Geoff Hurst
18%
1974 Pays-Bas 0-1 Johan Neeskens
16%
Argentine 3-2 Jorge Burruchaga
16%
RFA 1-1 Paul Breitner
14%
RFA 3-1 Paul Breitner
14%
RFA 2-2 Helmut Rahn
9%
RFA 3-2 Helmut Rahn
9%
Argentine 2-0 Jorge Valdano
9%
Italie 2-0 Marco Tardelli
9%
Italie 3-0 Alessandro Altobelli
7%
Argentine 1-2 Guillermo Stabile
7%
1962 Tchécoslovaquie 0-1 Josef Masopust
7%
1986 Argentine 1-0 José Luis Brown
7%
Brésil 4-1 Mário Zagallo
7%
Hongrie 0-2 Zoltán Czibor
7%
Brésil 2-1 Gérson
6%
Pays-Bas 1-1 Dick Nanninga
5%
Uruguay 1-2 Alcides Ghiggia
4%
Argentine 3-1 Daniel Bertoni
4%
Uruguay 1-1 Juan Alberto Schiaffino
4%
Italie 1-1 Roberto Boninsegna
4%
Italie 2-1 Silvio Piola
4%
Italie 4-2 Silvio Piola
4%
Brésil 1-1 Amarildo
3%
1958 Suède 0-1 Nils Liedholm
3%
Suède 4-2 Agne Simonsson
2%
1950 Brésil 1-0 Friaça
2%
1938 Italie 1-0 Gino Colaussi
2%
Italie 3-1 Gino Colaussi
2%
Hongrie 3-2 György Sárosi
2%
Uruguay 4-2 Hector Castro
2%
1966 RFA 0-1 Helmut Haller
2%
Uruguay 2-2 José Cea
2%
Angleterre 2-1 Martin Peters
2%
RFA 1-2 Maximilian Morlock
2%
Hongrie 1-1 Pál Titkos
2%
Italie 1-1 Raimundo Orsi
2%
RFA 2-2 Wolfgang Weber
2%
Brésil 2-1 Zito
2%
Italie 2-1 Angelo Schiavio
1%
1934 Tchécoslovaquie 0-1 Antonín Puč
1%
Argentine 1-1 Carlos Peucelle
1%
1930 Uruguay 1-0 Pablo Dorado
1%
Uruguay 3-2 Victoriano Iriarte
1%
Aucun quiz correspondant
Distribution des résultats
% des personnes avec chaque résultat
Percentile par nombre de réponses
Votre historique - résultats
Vous n’avez pas pris ce quiz